| Registos Bibliográficos associados ao registo de autoridade |
|
Etiqueta de registo: 00458nam 22001691i 450 001 1282957 003 http://id.bnportugal.gov.pt/bib/catbnp/1282957 100 ## $a20020801d1939 m y0pory010305 ba 101 0# $afre 102 ## $aFR 200 1# $aDécharge électrique dans les gaz$fPar Marcel Laporte 210 #9 $aParis$cArmand Colin$d1939 215 ## $a222 p.$cil.$d17 cm 225 2# $aArmand Colin... 700 #1 $aLaporte,$bMichel$362033 801 #0 $aPT$bBN 801 #1 $aFR$bJOUVE 966 ## $lBN$mFGMON$sP. 5772 P.$x0 997 ## $aBIBEOD
Etiqueta de registo: 00991cam 2200325 450 001 122930 003 http://id.bnportugal.gov.pt/bib/catbnp/122930 005 20010918190400.0 010 ## $a972-26-0008-7 095 ## $aPTBN00128462 100 ## $a19890721d1989 de.y0pory0103 ba 101 1# $apor$cfre 102 ## $aPT 105 ## $aa z 001ay 106 ## $ar 200 1# $a O labirinto do Jaguar$fF. Riviére, M. Laporte$gil. Damien Chavanat$gtrad. Aureliano Sampaio 210 #9 $aPorto$cCivilização,$dimp. 1989 215 ## $a126 [2] p.$cil.$d18 cm 225 2# $aPolicial jovem 225 2# $aJonathan Cap 304 ## $aTít. orig. : Jonathan Cap : le labyrinthe du Jaguar 675 ## $a087.5$vBN$zpor$3287999 675 ## $a840-311.3 Riviére, François$vBN$zpor$3340248 700 #0 $aRivière,$f1949-$342974 701 #1 $aLaporte,$bMichel$4070$362033 702 #1 $aChavanat,$bDamien$4440$3337294 702 #1 $aSampaio,$bAureliano$4730$331254 801 #0 $aPT$bBN$gRPC 966 ## $c2$lBN$mFGMON$sP. 9989 P.$x1 966 ## $c2$lBN$mFGMON$sP. 9989 P.$x1
Etiqueta de registo: 01058cam 2200337 450 001 119605 003 http://id.bnportugal.gov.pt/bib/catbnp/119605 005 20010918190400.0 010 ## $a972-26-0453-8 095 ## $aPTBN00125063 100 ## $a19890426d1989 de.y0pory0103 ba 101 1# $apor$cfre 102 ## $aPT 105 ## $aa z 001ay 106 ## $ar 200 1# $aJonathan Cap contra os cavaleiros de Satã$fF. Riviére, M. Laporte$gil. Damien Chavanat$gtrad. Aureliano Sampaio 210 #9 $a[Porto]$cCivilização,$dimp. 1989 215 ## $a122, [2] p.$cil.$d18 cm 225 2# $aPolicial jovem 225 2# $aJonathan Cap 304 ## $aTít. orig.: Jonathan Cap contre les chevaliers de Satan 304 ## $aTít. de capa : Os cavaleiros de Satã 512 1# $a Os cavaleiros de Satã 675 ## $a087.5$vBN$zpor$3287999 700 #0 $aRivière,$f1949-$342974 701 #1 $aLaporte,$bMichel$4070$362033 702 #1 $aChavanat,$bDamien$4440$3337294 702 #1 $aSampaio,$bAureliano$4730$331254 801 #0 $aPT$bBN$gRPC 966 ## $c2$lBN$mFGMON$sP. 9919 P.$x1 966 ## $c2$lBN$mFGMON$sP. 9919 P.$x1
Etiqueta de registo: 00722cam 02200253 04500 001 106372 003 http://id.bnportugal.gov.pt/bib/catbnp/106372 005 19981120095900.0 021 ## $aPT$b15965/87 095 ## $aPTBN00110546 100 ## $a19880315d1988 d y0pora0103 ba 101 1# $apor$cfre 102 ## $aPT 200 1# $aEu, Margarida$fMichel Laporte$gtrad. Ana Maria Coelho de Sousa 210 #9 $aLisboa$aSäo Paulo$cVerbo,$dimp. 1988 215 ## $a111 p.$cil.$d19 cm 225 2# $a As herdeiras$v1 304 ## $aTít. orig. : Moi, Marguerite 675 ## $a087.5$vmed$zpor$3287999 700 #1 $aLaporte,$bMichel$362033 702 #1 $aSousa,$bAna Maria Coelho de$4730$377905 801 #0 $aPT$bBN$gRPC 966 ## $lBN$mFGMON$sP. 9738 P. 997 ## $aBIBEOD 998 ## $aBN883 - 00266
|
|
|